La diplomacia extraordinaria entre México y Estados Unidos (Record no. 40616)

MARC details
000 -LEADER
campo de control de longitud fija 00678nam a2200205 i 4500
001 - NÚMERO DE CONTROL
campo de control 40616
003 - IDENTIFICADOR DE NÚMERO DE CONTROL
campo de control ES-MaACL
007 - CAMPO FIJO DE DESCRIPCIÓN FÍSICA--INFORMACIÓN GENERAL
campo de control de longitud fija t|
008 - DATOS DE LONGITUD FIJA--INFORMACIÓN GENERAL
campo de control de longitud fija 030306s1961 mx ||||1| spa d
100 1# - ENTRADA PRINCIPAL--NOMBRE DE PERSONA
Nombre de persona Carreño, Alberto María.
9 (RLIN) 35611
245 13 - MENCIÓN DEL TÍTULO
Título La diplomacia extraordinaria entre México y Estados Unidos
Resto del título : 1789-1947 /
Mención de responsabilidad, etc. Alberto María Carreño.
250 ## - MENCION DE EDICION
Mención de edición 2ª ed.
260 ## - PUBLICACIÓN, DISTRIBUCIÓN, ETC.
Lugar de publicación, distribución, etc. México :
Nombre del editor, distribuidor, etc. Jus,
Fecha de publicación, distribución, etc. 1961.
300 ## - DESCRIPCIÓN FÍSICA
Extensión 308 p. ;
Dimensiones 23 cm.
490 1# - MENCIÓN DE SERIE
Mención de serie Figuras y episodios de la historia de México ;
Designación de volumen o secuencia 97
500 ## - NOTA GENERAL
Nota general Es el Vol. II.
830 0# - PUNTO DE ACCESO ADICIONAL DE SERIE-TÍTULO UNIFORME
Título uniforme Figuras y episodios de la historia de México ;
Designación de volumen o secuencia 97
9 (RLIN) 181876
852 ## - LOCALIZACIÓN
Ubicación ES-MaACL
Número de control de estantería E-9420
Sublocalización o colección R.94209
Holdings
Estatus retirado Estado de pérdida Estado de daño No para préstamo Biblioteca de origen Biblioteca actual Ubicación en estantería Fecha de adquisición Fuente de adquisición Total de préstamos Signatura topográfica completa Código de barras Visto por última vez Precio de reemplazo Tipo de ítem Koha
        Biblioteca del Ateneo de Madrid Biblioteca del Ateneo de Madrid Depósito 2 17/01/2008     E-9420 1042761 23/02/2023 23/02/2023 Libro impreso